000 00188nam a22000857a 4500
003 SGT
245 _aAMERICAN JOURNAL OF NURSING
260 _aUSA
_bWOLTER KLUWER
_c2015 TO2020
942 _2ddc
_cBV
999 _c24073
_d24073